000 00773nam a2200265Ia 4500
003 OSt
005 20220925221146.0
006 a|||||r|||| 00| 0
007 ta
008 220923b |||||||| |||| 00| 0 eng d
020 _a033325773
037 _cGeneral Book
040 _aRTL
_cRTL
_beng
041 _2eng
_aeng
082 _aX:551.1.N7, L1;Mo
100 _aDoxey Margaret P
_9126755
245 0 _aEconomic sanctions and international enforcement
250 _a2nd
260 _aLondon
_bMacmillan UK
_c1980
300 _aviii,161p. Bib p 145-53
_ccm.
490 _aRoyal Institute of Internatioanl Affairs Publications
650 _aTrade
942 _hX:551.1.N7, L1;Mo
_cGB
_2CC
999 _c573413
_d573413